000 01244nam a22002657a 4500
001 9696
003 FISKH
005 20260129162740.0
008 260129b cb ||||| |||| 00| 0 eng d
020 _a9781584769675
040 _aFISKH
_beng
_cFISKH
_dFISKH
082 _aJ428
100 _aGaydos , Nora
245 _aBad hair day /
_cWritten by Nora Gaydos . Illustrated by Electric Ink Studio
260 _aNorwalk, CT :
_bInnovativeKids,
_c2009 .
300 _a32 pages : color illustrations ; 23 cm.
_bcolor illustrations ;
_c23 cm.
490 _aNow I'm reading !
_vLevel 2
505 _aG
520 _aThis extension of the award-winning, best-selling series by acclaimed author, Nora Gaydos, engages kids in an entertaining, hands-on reading, writing, and drawing experience! Includes more than 20 stickers. Level 2 - The Reading section mixes short and long vowel words, sight word reinforcement, word endings, simple dialogue. The Writing section teaches penmanship, spelling reinforcement, story sequencing, independently forming uppercase and lowercase letters.
521 8 _a430
_bLexile
521 8 _aG
_bRaz-Plus
700 _aElectronic Ink Studio
_eIllustrator
942 _2ddc
_cBK
_n0
999 _c9696
_d9696